<?xml version="1.0" encoding="UTF-8"?>
<record
    xmlns:xsi="http://www.w3.org/2001/XMLSchema-instance"
    xsi:schemaLocation="http://www.loc.gov/MARC21/slim http://www.loc.gov/standards/marcxml/schema/MARC21slim.xsd"
    xmlns="http://www.loc.gov/MARC21/slim">

  <leader>03084nam a2200337 u 4500</leader>
  <controlfield tag="001">1236697</controlfield>
  <controlfield tag="005">20260508070710.0</controlfield>
  <controlfield tag="007">co|||||||</controlfield>
  <controlfield tag="008">110328s2011                        mul  </controlfield>
  <datafield tag="035" ind1=" " ind2=" ">
    <subfield code="a">1236697</subfield>
  </datafield>
  <datafield tag="040" ind1=" " ind2=" ">
    <subfield code="c">comduadb</subfield>
  </datafield>
  <datafield tag="041" ind1=" " ind2=" ">
    <subfield code="a">mul</subfield>
  </datafield>
  <datafield tag="082" ind1=" " ind2="4">
    <subfield code="a">372</subfield>
  </datafield>
  <datafield tag="100" ind1="1" ind2="0">
    <subfield code="a">Redondo Bonivento, Yinela Roset</subfield>
    <subfield code="4">aut</subfield>
    <subfield code="e">aut</subfield>
    <subfield code="9">616168</subfield>
  </datafield>
  <datafield tag="245" ind1="1" ind2="0">
    <subfield code="a">Plan de area para la ense&#xF1;anza de la danza folclorica Colombiana en la educacion basica y mediana academica</subfield>
  </datafield>
  <datafield tag="260" ind1=" " ind2=" ">
    <subfield code="a">Medell&#xED;n :</subfield>
    <subfield code="b">[sin publicador],</subfield>
    <subfield code="c">2011 ;</subfield>
    <subfield code="a">Armenia.</subfield>
  </datafield>
  <datafield tag="300" ind1=" " ind2=" ">
    <subfield code="a">1 CD-ROM</subfield>
  </datafield>
  <datafield tag="520" ind1="3" ind2=" ">
    <subfield code="a">Este proyecto surge con la idea que desde la experiencia como docentes de danza sentimos la necesidad de realizar un plan de &#xE1;rea que nos sirva como herramienta metodol&#xF3;gica para la ense&#xF1;anza de la danza folcl&#xF3;rica colombiana en la educaci&#xF3;n b&#xE1;sica y la media acad&#xE9;mica.
Despu&#xE9;s de las consultas realizadas sobre las diferentes formas metodol&#xF3;gicas para la ense&#xF1;anza de la danza y los documentos dise&#xF1;ados por el Ministerio de Educaci&#xF3;n Nacional como los lineamientos curriculares, nos encontramos que en el medio de la danza folcl&#xF3;rica no se cuenta con un plan de estudios que nos indique o nos brinde un horizonte frente a lo que debemos ense&#xF1;ar en los diferentes grados de escolaridad y que le den continuidad a los procesos desarrollados en los grados de educaci&#xF3;n preescolar y b&#xE1;sica primaria.
Frente a los desaf&#xED;os que plantea la Ley General de Educaci&#xF3;n y la m&#xE1;s reciente Ley General de Cultura, asumir la did&#xE1;ctica de las artes con un m&#xE1;ximo de responsabilidad y herramientas, es no solo deber del docente sino preocupaci&#xF3;n de todos, ya que la contemporaneidad y la globalizaci&#xF3;n nos enfrenta a procesos donde la excelencia debe ser parte de la b&#xFA;squeda y el logro del trabajo art&#xED;stico. Las artes como historia son suma y en su praxis debe tocar todo aquello que es com&#xFA;n y base esencial en el desarrollo integral del ser humano.
Ser "educado" en este contexto significa utilizar s&#xED;mbolos, leer im&#xE1;genes complejas, comunicarse creativamente y pensar en soluciones antes no imaginadas. Con base en lo anterior podemos decir que para la realziaci&#xF3;n de este proyecto utilizaremos nuestra experiencia en un recorrido por m&#xE1;s de 15 a&#xF1;os como int&#xE9;rpretes y docentes de &#xE9;sta disciplina. Lo que nos convierte en conocedores de nuestro quehacer cotidiano y nos lleva a continuar indagando y explorando sobre las m&#xFA;ltiples posibilidades que nos brinda el cuerpo humano.</subfield>
  </datafield>
  <datafield tag="541" ind1=" " ind2=" ">
    <subfield code="a">Proyecto de Profesionalizaci&#xF3;n en Artes Colombia Creativa. Armenia - Quindio.</subfield>
  </datafield>
  <datafield tag="650" ind1=" " ind2=" ">
    <subfield code="a">Danzas folcl&#xF3;ricas colombianas</subfield>
    <subfield code="9">155360</subfield>
  </datafield>
  <datafield tag="650" ind1=" " ind2=" ">
    <subfield code="a">Ense&#xF1;anza de la danza</subfield>
    <subfield code="9">71821</subfield>
  </datafield>
  <datafield tag="650" ind1=" " ind2=" ">
    <subfield code="a">Danza y ni&#xF1;os</subfield>
    <subfield code="9">70065</subfield>
  </datafield>
  <datafield tag="700" ind1="1" ind2="0">
    <subfield code="a">Castro Rivera, Jhon Freddy</subfield>
    <subfield code="4">aut</subfield>
    <subfield code="e">aut</subfield>
    <subfield code="9">617825</subfield>
  </datafield>
  <datafield tag="700" ind1="1" ind2="0">
    <subfield code="a">Ramirez Parada, German A.</subfield>
    <subfield code="4">aut</subfield>
    <subfield code="e">aut</subfield>
    <subfield code="9">616169</subfield>
  </datafield>
  <datafield tag="700" ind1="1" ind2="0">
    <subfield code="a">Villegas Hincapi&#xE9;, Lina Mar&#xED;a</subfield>
    <subfield code="4">ths</subfield>
    <subfield code="e">ths</subfield>
    <subfield code="9">314446</subfield>
  </datafield>
  <datafield tag="700" ind1="1" ind2="0">
    <subfield code="a">Viana Cisneros, Luis Felipe</subfield>
    <subfield code="4">ths</subfield>
    <subfield code="e">ths</subfield>
    <subfield code="9">600597</subfield>
  </datafield>
  <datafield tag="700" ind1="1" ind2="0">
    <subfield code="a">Parra D&#xED;az, An&#xED;bal Ignacio</subfield>
    <subfield code="4">ths</subfield>
    <subfield code="e">ths</subfield>
    <subfield code="9">320997</subfield>
  </datafield>
  <datafield tag="942" ind1=" " ind2=" ">
    <subfield code="c">TESIS</subfield>
  </datafield>
  <datafield tag="999" ind1=" " ind2=" ">
    <subfield code="c">575877</subfield>
    <subfield code="d">575877</subfield>
  </datafield>
  <datafield tag="502" ind1=" " ind2=" ">
    <subfield code="b">32</subfield>
    <subfield code="c">7</subfield>
  </datafield>
  <datafield tag="526" ind1=" " ind2=" ">
    <subfield code="a">32</subfield>
  </datafield>
  <datafield tag="952" ind1=" " ind2=" ">
    <subfield code="0">0</subfield>
    <subfield code="1">0</subfield>
    <subfield code="4">0</subfield>
    <subfield code="7">0</subfield>
    <subfield code="8">TESDIGBC</subfield>
    <subfield code="a">BC</subfield>
    <subfield code="b">BC</subfield>
    <subfield code="d">2011-03-28</subfield>
    <subfield code="e">Material adquirido por donaci&#xF3;n</subfield>
    <subfield code="i">C1113014</subfield>
    <subfield code="l">0</subfield>
    <subfield code="o">372.66 R319 CD-ROM</subfield>
    <subfield code="p">0751797</subfield>
    <subfield code="r">2023-05-01 00:00:00</subfield>
    <subfield code="t">1</subfield>
    <subfield code="w">2023-05-01</subfield>
    <subfield code="y">DIGITAL</subfield>
  </datafield>
  <datafield tag="952" ind1=" " ind2=" ">
    <subfield code="0">0</subfield>
    <subfield code="1">0</subfield>
    <subfield code="4">0</subfield>
    <subfield code="7">0</subfield>
    <subfield code="8">GENERAL</subfield>
    <subfield code="a">CEDEA</subfield>
    <subfield code="b">CEDEA</subfield>
    <subfield code="d">2011-04-04</subfield>
    <subfield code="i">C1114169</subfield>
    <subfield code="l">1</subfield>
    <subfield code="o">TRA/LIED0047 2011 CD-ROM e2</subfield>
    <subfield code="p">0780516</subfield>
    <subfield code="r">2023-09-12 00:00:00</subfield>
    <subfield code="s">2023-07-24</subfield>
    <subfield code="t">2</subfield>
    <subfield code="w">2023-05-01</subfield>
    <subfield code="y">DIGITAL</subfield>
  </datafield>
</record>
